| 000 -CABECERA |
| Longitud fija campo de control |
01723nas a2200421 i 4500 |
| 001 - NÚMERO DE CONTROL |
| Número de control |
991061120058106706 |
| 003 - IDENTIFICADOR DEL NÚMERO DE CONTROL |
| Identificador del número de control |
OSt |
| 005 - FECHA Y HORA DE LA ÚLTIMA TRANSACCIÓN |
| Fecha y hora de la última transacción |
20241028130723.0 |
| 008 - CÓDIGOS DE INFORMACIÓN DE LONGITUD FIJA |
| Códigos de información de longitud fija |
240416c20239999spcfr p |||| 0 b0cat| |
| 015 ## - NÚMERO DE BIBLIOGRAFÍA NACIONAL |
| Número de bibliografía nacional |
SE2024 |
| Fuente |
bnc |
| 017 ## - NÚMERO DE COPYRIGHT O DE DEPÓSITO LEGAL |
| Número de copyright o de depósito legal |
B 18858-2023 |
| Agencia que asigna el número |
Biblioteca de Catalunya |
| 040 ## - FUENTE DE LA CATALOGACIÓN |
| Centro catalogador de origen |
ES-BaBC |
| Lengua de catalogación |
cat |
| Normas de descripción |
rda |
| Centro transcriptor |
CDMR |
| 043 ## - CÓDIGO DE ÁREA GEOGRÁFICA |
| Código de área geográfica |
e-sp--- |
| Código local GAC |
e-spc-- |
| Fuente del código local |
catmarc |
| 080 ## - NÚMERO DE LA CLASIFICACIÓN DECIMAL UNIVERSAL |
| Número de la Clasificación Decimal Universal |
658.8 |
| Subdivisión auxiliar común |
(460.23) |
| -- |
(05) |
| Identificador de la edición |
2004 |
| 080 ## - NÚMERO DE LA CLASIFICACIÓN DECIMAL UNIVERSAL |
| Número de la Clasificación Decimal Universal |
659.1 |
| Subdivisión auxiliar común |
(460.23) |
| -- |
(05) |
| Identificador de la edición |
2004 |
| 080 ## - NÚMERO DE LA CLASIFICACIÓN DECIMAL UNIVERSAL |
| Número de la Clasificación Decimal Universal |
659.4 |
| Subdivisión auxiliar común |
(460.23) |
| -- |
(05) |
| Identificador de la edición |
2004 |
| 080 ## - NÚMERO DE LA CLASIFICACIÓN DECIMAL UNIVERSAL |
| Número de la Clasificación Decimal Universal |
316.77 |
| Subdivisión auxiliar común |
(460.23) |
| -- |
(05) |
| Identificador de la edición |
2004 |
| 130 0# - PUNTO DE ACCESO PRINCIPAL-TÍTULO UNIFORME |
| Título uniforme |
Impactes (2023). |
| 245 10 - MENCIÓN DE TÍTULO |
| Título |
Impactes : |
| Resto del título |
la revista del màrqueting i la comunicació de Catalunya |
| Mención de responsabilidad, etc. |
/ Col·legi Oficial del Màrqueting i la Comunicació de Catalunya |
| 264 #1 - PRODUCCIÓN, PUBLICACIÓN , DISTRIBUCIÓN, FABRICACIÓN Y COPYRIGHT |
| Lugar de producción, publicación, distribución, fabricación |
[Barcelona] : |
| Nombre del productor, editor, distribuidor, fabricante |
Col·legi Oficial del Màrqueting i la Comunicació de Catalunya, |
| Fecha de de producción, publicación, distribución, fabricación o copyright |
2023- |
| 300 ## - DESCRIPCIÓN FÍSICA |
| Extensión |
volum : |
| Otras características físicas |
il·lustracions ; |
| Dimensiones |
31 cm |
| 310 ## - PERIODICIDAD ACTUAL |
| Periodicidad actual |
Semestral |
| 362 0# - FECHAS DE PUBLICACIÓN Y/O DESIGNACIÓN SECUENCIAL |
| Fecha de publicación y/o designación secuencial |
Número 1 (des. 2023/gen. 2024)- |
| 515 ## - NOTAS DE PECULIARIDADES DE LA NUMERACIÓN |
| Nota de peculiaridades de la numeración |
Núm. preliminar: Número 0 |
| 530 ## - NOTA DE FORMATO FÍSICO ADICIONAL DISPONIBLE |
| Nota de formato físico adicional disponible |
També es publica en línia |
| 588 0# - NOTA DE FUENTE DE LA DESCRIPCIÓN |
| Nota de fuente de la descripció,n |
Descripció basada en: Número 1 (des. 2023/gen. 2024) ; títol obtingut de la coberta |
| 588 1# - NOTA DE FUENTE DE LA DESCRIPCIÓN |
| Nota de fuente de la descripció,n |
Darrer número consultat: Número 1 (des. 2023/gen. 2024) |
| 650 #7 - PUNTO DE ACCESO ADICIONAL DE MATERIA - TÉRMINO DE MATERIA |
| Término de materia o nombre geográfico como elemento inicial |
Màrqueting |
| Subdivisión geográfica |
Catalunya |
| Subdivisión de forma |
Revistes. |
| Fuente del encabezamiento o término |
lemac |
| 650 #7 - PUNTO DE ACCESO ADICIONAL DE MATERIA - TÉRMINO DE MATERIA |
| Término de materia o nombre geográfico como elemento inicial |
Publicitat |
| Subdivisión geográfica |
Catalunya |
| Subdivisión de forma |
Revistes. |
| Fuente del encabezamiento o término |
lemac |
| 650 #7 - PUNTO DE ACCESO ADICIONAL DE MATERIA - TÉRMINO DE MATERIA |
| Término de materia o nombre geográfico como elemento inicial |
Relacions públiques |
| Subdivisión geográfica |
Catalunya |
| Subdivisión de forma |
Revistes. |
| Fuente del encabezamiento o término |
lemac |
| 650 #7 - PUNTO DE ACCESO ADICIONAL DE MATERIA - TÉRMINO DE MATERIA |
| Término de materia o nombre geográfico como elemento inicial |
Comunicació |
| Subdivisión geográfica |
Catalunya |
| Subdivisión de forma |
Revistes. |
| Fuente del encabezamiento o término |
lemac |
| 710 2# - PUNTO DE ACCESO ADICIONAL - NOMBRE DE ENTIDAD |
| Nombre de entidad o nombre de jurisdicción como elemento inicial |
Col·legi Oficial del Màrqueting i la Comunicació de Catalunya. |
| 752 ## - PUNTO DE ACCESO ADICIONAL - NOMRE JER´RQUICO DE LUGAR |
| País o entidad superior |
Catalunya |
| Jurisdicción política de primer nivel |
Barcelona (Província) |
| Jurisdicción política intermedia |
Barcelonès |
| Ciudad |
Barcelona |
| 856 ## - LOCALIZACIÓN Y ACCESO ELECTRÓNICO |
| Identificador Uniforme del Recurso (URI) |
<a href="https://www.impactes.cat/">https://www.impactes.cat/</a> |
| Nota pública |
Accés lliure |
| 908 ## - CONTROL DE PARÁMETROS (RLIN) |
| Parametro de comando lanzado |
BC |
| -- |
UAO |
| 940 ## - |
| T&íacute;tulo uniforme |
<a href="BC">BC</a> |
| 942 ## - ENTRADA DE ELEMENTOS AGREGADOS (KOHA) |
| Fuente de clasificaión o esquema |
|
| Koha [por defecto] tipo de item |
Publicacions periòdiques |